| 000 | 00842cam a2200193 a 4500 | ||
|---|---|---|---|
| 082 | 0 | 0 |
_a624.1772 _bSCH _cN-01, P-89 |
| 245 | 0 | 4 |
_aThe design of two-way slabs / _ceditor, T.C Schaeffer. |
| 260 |
_aFarmington Hills, Michigan : _bAmerican Concrete Institute, _cc1999. |
||
| 300 |
_av, 183 p. : _bill. ; _c23 cm. |
||
| 490 | 1 | _aPublication / ACI ; | |
| 500 | _a"At ACI's 1996 fall convention in New Orleans, La., ACI-ASCE Joint Committee 421, Design of Reinforced Steel Slabs, sponsored two technical sessions"--P. iii. | ||
| 526 |
_a0 _b0 _c0 _d624_177200000000000_SCH |
||
| 650 | 0 |
_aConcrete slabs _xDesign and construction. _942888 |
|
| 650 | 0 |
_aMCE _9379 |
|
| 700 | 1 |
_aSchaeffer, T. C. _942889 |
|
| 710 | 2 |
_aACI-ASCE Joint Committee 421, Design of Reinforced Slabs. _942890 |
|
| 710 | 2 |
_aAmerican Concrete Institute. _937057 |
|
| 942 |
_2ddc _cBK |
||
| 999 |
_c546710 _d546710 |
||